| 000 -LEADER |
| fixed length control field |
00763cam a2200217 a 4500 |
| 001 - CONTROL NUMBER |
| control field |
14302 |
| 003 - CONTROL NUMBER IDENTIFIER |
| control field |
BD-DhUAP |
| 005 - DATE AND TIME OF LATEST TRANSACTION |
| control field |
20201230151613.0 |
| 008 - FIXED-LENGTH DATA ELEMENTS--GENERAL INFORMATION |
| fixed length control field |
200202r20092007ii 000 0 eng d |
| 040 ## - CATALOGING SOURCE |
| Original cataloging agency |
DLC |
| Transcribing agency |
BD-DhUAP |
| Modifying agency |
BD-DhUAP |
| Language of cataloging |
Eng |
| 082 ## - DEWEY DECIMAL CLASSIFICATION NUMBER |
| Edition number |
23 |
| Classification number |
349.540899143 AGA |
| 100 1# - MAIN ENTRY--PERSONAL NAME |
| Personal name |
Agarwala, R. K. |
| 245 10 - TITLE STATEMENT |
| Title |
Hindu law : |
| Remainder of title |
(codifies and uncodified), as amended by [Hindu succession (amendment) act, 2005] and [prohibition of child marriage act, 2006 (act no. 6 of 2007)] / |
| Statement of responsibility, etc. |
R. K. Agarwala. |
| 250 ## - EDITION STATEMENT |
| Edition statement |
22nd ed. |
| 260 ## - PUBLICATION, DISTRIBUTION, ETC. |
| Place of publication, distribution, etc. |
Allahabad : |
| Name of publisher, distributor, etc. |
Central Law agency, |
| Date of publication, distribution, etc. |
c2007 [Reprinted 2009]. |
| 300 ## - PHYSICAL DESCRIPTION |
| Extent |
xxxix, 452 pages ; |
| Dimensions |
24 cm. |
| 650 #0 - SUBJECT ADDED ENTRY--TOPICAL TERM |
| Topical term or geographic name entry element |
Hindu law. |
| 650 #0 - SUBJECT ADDED ENTRY--TOPICAL TERM |
| Topical term or geographic name entry element |
Law |
| Geographic subdivision |
India. |
| 650 #0 - SUBJECT ADDED ENTRY--TOPICAL TERM |
| Topical term or geographic name entry element |
Hindus |
| General subdivision |
Legal status, laws, etc. |
| Geographic subdivision |
India. |
| 942 ## - ADDED ENTRY ELEMENTS (KOHA) |
| Source of classification or shelving scheme |
|
| Koha item type |
Book |